| 000 | 00491nam a22001817a 4500 | ||
|---|---|---|---|
| 003 | CEME | ||
| 005 | 20210628202801.0 | ||
| 008 | 210127b xxu||||| |||| 00| 0 eng d | ||
| 020 | _a81-7224-852-0 | ||
| 040 | _c. | ||
| 082 | _a658.562 ARM | ||
| 100 |
_aArmstrong, Michael:Baron, Angela _961602 |
||
| 245 | _aPerfromance management;the new realities | ||
| 260 |
_aNEW DELHI _bJAICO PUBLISHING _c2002 |
||
| 300 | _aXIII,467P | ||
| 650 |
_aPERFROMANCE MANAGEMENT _961603 |
||
| 942 |
_cBK _2ddc |
||
| 999 |
_c571004 _d571004 |
||